01682naa#a2200301#i#4500001001600000005001700016011001400033100004100047101000800088102000700096200032300103210008300426215001000509608004500519675015200564686005800716700006200774700006200836700004800898700005200946700006000998700005801058700006201116700006201178700005401240700006601294856002001360RU\\bibl\11968420260630052250.2##a2077-7566##a20260629b2026####ek#y0rusy0150####ca0#aRUS##aRU1#aОЦЕНКА ЭФФЕКТИВНОСТИ КОРРЕКЦИИ АСИММЕТРИИ ЛИЦА У ДЕТЕЙ С ОДНОСТОРОННИМ ПЕРЕКРЕСТНЫМ ПРИКУСОМ С ПРИМЕНЕНИЕМ МЕТОДА ДИАГНОСТИКИ «МАСКА ЗОЛОТОГО СЕЧЕНИЯ»eЖурнальная статья1#aЕкатеринбургcИздательский Дом «ТИРАЖ»d2026##a8 с.##aЖурнальная статья2local##aОртодонтия. Челюстно-лицевая ортопедия. Исправление положения зубов. 616.314-089.23zRUS##aКлиническая медицина. 76.292grnti#1aХелашвилиgЕлизавета Зурабовна#1aШишмареваgАнастасия Сергеевна#1aЗарембоgЮлия Сергеевна#1aБимбасgЕвгения Сергеевна#1aОжгихинаgНаталья Владленовна#1aБрусницынаgЕлена Викторовна#1aПлотниковgАлександр Сергеевич#1aМатвееваgТатьяна Владимировна#1aНагиевgАнар Мирзабалаевич#1aГюльвердиеваgСабрина Мансуровна4#adental-press.ru